Statistiques concernant Quiz sur les animaux n°2

Cliquez ici pour prendre le quiz!

Statistiques générales

  • Ce quiz a été pris 107 fois
  • Le résultat moyen est 7 sur 13

Statistiques - réponses

Réponse% Correct
Toucan
90%
Morse
87%
Blaireau
77%
Caïman
77%
Rouge-gorge
76%
Alpaga
71%
Ragondin
63%
Chevreuil
56%
Requin pélerin
18%
Cigogne blanche
17%
Bœuf musqué
14%
Braque de Weimar
9%
Macaque japonais
8%

Distribution des résultats

Percentile par nombre de réponses

% des personnes avec chaque résultat

Votre développement - résultats

Vous n’avez pas pris ce quiz